000 00340nam a2200133Ia 4500
005 20260328104326.0
008 260328s9999||||xx |||||||||||||| ||und||
100 _aGaeta, Julio C.
245 0 _aMonografia Mario Pysse Reyes 1913- 1988 /
_cJulio C. Gaeta
260 _bDos puntos
300 _a102 p.
650 _aARQUITECTOS
942 _cBK
999 _c11517
_d11517